000 00453ntaaa2200169 4500
003 01
005 20251027201952.0
008 0714s1973 ag 01
040 _aAR-BaBN
_bspa
_cAR-BaBN
_eaacr
_dRIC
082 _a254.0000 L47
100 _aLeach, William H.
_918251
245 _aHandbook of church management
250 _a1 ed. :
_bPrentice Hall, Inc.,
_cc1959
300 _aviii, 504 p.
650 _aAdministración EclesiÔstica
_91364
942 _cBK
999 _c14443
_d14443